| 000 | 00743cam a22002411a 4500 | ||
|---|---|---|---|
| 001 | 15820 | ||
| 003 | BD-RjUL | ||
| 005 | 20211208235907.0 | ||
| 008 | 140211s1953 ilu 000 0 eng | ||
| 035 | _a(BD-RjUL)15875 | ||
| 035 | _a(OCoLC)243712 | ||
| 040 |
_aDLC _cODaWU _dOCoLC _dOKentU _dDLC _dBD-RjUL _beng |
||
| 041 | _aeng | ||
| 082 | 0 | 4 |
_2 19 _a 658.87 _bMCR 1953 |
| 100 | 1 |
_aMcGregor, Clarence Henry, _d1902- _949058 |
|
| 245 | 1 | 0 |
_aRetail management problems : _bOf small and medium-size stores / _cby C.H. McGregor. |
| 260 |
_aHomewood, Ill. : _bR.D. Irwin, _c1953. |
||
| 300 |
_axiii, 231 p. : _bill. ; _c24 cm. |
||
| 650 | 0 |
_aRetail trade _zUnited States. _948145 |
|
| 942 |
_2ddc _cBK |
||
| 999 |
_c15820 _d15820 |
||